=LDR 00000nam 2200000 4500 =001 INLIS000000000035942 =005 20130612141747 =008 ***********************************Ind** =035 ##$$a0010-061300000035942 =041 ##$$a Ind =082 ##$$a 415 =090 ##$$a 415, Sus =100 ##$$a Susatya, I Agus =245 ##$$a Tata Bahasa Baku, Untuk SMA =260 ##$$a Tiga Serangkai $b Solo =300 ##$$a 192 hlm, 22 cm =850 ##$$a NBPNMAT =990 ##$$a 91713/BPAP-NTB/2014